Využívaní sociálních sítí místními samosprávami geografický kontext

Lokálny marketing a využívanie sociálnych sietí. Mapovanie využívania dvoch sociálnych sietí (Facebook, Instagram) miestnymi samosprávami, medzi obcami Plzenského a Karlovarského kraja. Na príklade celkom 635 obcí sa overuje, či je Facebook dominantne používanou sociálnou sieťou, akým spôsobom sa me...

ver descrição completa

Na minha lista:
Detalhes bibliográficos
Autor principal: Kebza, Martin
Formato: Capítulo de Livro
Idioma:tcheco
Assuntos:
Tags: Adicionar Tag
Sem tags, seja o primeiro a adicionar uma tag!

MARC

LEADER 00000naa a2200000 4500
001 0269391
005 20201021151535.1
041 0 |a cze 
044 |a CZ 
245 1 0 |a Využívaní sociálních sítí místními samosprávami  |b geografický kontext  |c Martin Kebza 
520 |a Lokálny marketing a využívanie sociálnych sietí. Mapovanie využívania dvoch sociálnych sietí (Facebook, Instagram) miestnymi samosprávami, medzi obcami Plzenského a Karlovarského kraja. Na príklade celkom 635 obcí sa overuje, či je Facebook dominantne používanou sociálnou sieťou, akým spôsobom sa medzi týmito obcami šíri aktivita na týchto médiách, aké sú prioritné účely využívania tejto formy komunikácie, ale aj aké sú územné a štrukturálne rozdiely v používaní i na základe veľkosti obce, indexu efektivity či staroby obce. Rozdiely v používaní medzi veľkými a malými obcami a zameranie na základnú informovanosť obyvateľov obce a propagáciu kultúrnych podujatí. 
610 2 0 |a médiá sociálne 
610 2 0 |a siete sociálne 
610 2 0 |a samospráva miestna 
610 2 0 |a rozvoj regionálny 
610 2 0 |a obce 
610 2 0 |a internet 
610 2 0 |a marketing elektronický 
610 2 0 |a komunikácia elektronická 
100 1 |a Kebza, Martin